000 00848nam a2200217Ia 4500
001 2074
005 20260422112451.0
008 260306t2005||||xx |||||||||||||| ||spa||
041 _aESP
082 _a612
_bT79
100 _aTresguerres, J.A.F
_eAUT
245 0 _aFisiología humana
260 _c2005
300 _a1178 páginas :
_c28 cm.
650 _aGEN
654 _aCPS
856 _uhttps://0u216xhg7-y-https-accessmedicina-mhmedical-com.itmsp.museknowledge.com/book.aspx?bookid=2987
_zVersión digital (2020)
856 _uhttps://0u216xhg7-y-https-accessmedicina-mhmedical-com.itmsp.museknowledge.com/
_zVéase además: Base de datos McGraw Hill Access Medicina
856 _uhttps://0u23fxhhl-y-https-www-clinicalkey-com.itmsp.museknowledge.com/student/login
_zVéase además: Base de datos ClinicalKey
942 _cLIB
_dJUS
_fJUS
_2ddc
999 _c2074
_d2074